000 00553nam a2200217Ia 4500
003 OSt
005 20230316150829.0
008 210210b2007 xxu||||| |||| 00| 0 eng d
040 _cAL
041 _aeng
082 _a382 AQUI
100 _aSHANBHAG (Santhosh)
_975852
245 _aInternational trade and finance I
260 _aMangalore
_bSita Publishing House
_c2007
300 _aiii,146
650 _aBCom III SEM
_975853
690 _aInternational Trade
_975856
700 _aAQUINAS (P G)
_975857
906 _a062111
942 _2ddc
_cBK
999 _c116759
_d116759